00861 a2200181 450000500170000002000160001710000180003324500710005125000120012226000310013430000460016570000160021194200130022799900150024095201440025595201400039995201400053920250610163958.0 a07 084399 1 aSPIEGEL, M. R aSchaum's Outiline of Theory and Problems of Statistics in SI Units a1st Ed. aLondonbMc Graw Hillc1972 avii, 359p.: ill; Chat, TablebIndexc27cm aBOXER, R. W 2ddccBKS c3657d3657 r2025-06-10 17:02:32l0o519.5 SPIpMBY000154v30000.00w2025-06-10yBKS102ddc407000a002b002cSPECIALd2025-06-10ePurchaseg10000.00 r2025-06-28 19:38:07l0o519.5 SPIpMBY000973v30000.00w2025-06-10yBKS102ddc407000a002b002cGENd2025-06-10ePurchaseg10000.00 r2025-06-28 19:38:07l0o519.5 SPIpMBY000974v30000.00w2025-06-10yBKS102ddc407000a002b002cGENd2025-06-10ePurchaseg10000.00